| 000 | 00581nam a2200217Ia 4500 | ||
|---|---|---|---|
| 001 | 1423 | ||
| 003 | GE_BSU | ||
| 008 | 181216s||||||||xx |||||||||||||| ||und|| | ||
| 040 | _cGE_BSU | ||
| 080 | _a620(075.8) | ||
| 245 | _aМатериаловедение. | ||
| 245 | _cПод общ. ред. Б.Н.Арзамасова | ||
| 250 | _aИзд. 2-е, испр. и доп. | ||
| 260 | _aМосква | ||
| 260 | _bМашиностроение | ||
| 260 | _c1986 | ||
| 300 | _a384 с. 22 см. | ||
| 541 | _h10 л. | ||
| 653 | _aМатериаловедение. | ||
| 942 | _cBK | ||
| 999 |
_c35562 _d35562 |
||